[Event "C.to Italiano Semifinale"]
[Site "Torino ITA"]
[Date "2000.06.22"]
[Round "5"]
[White "Petruccioli, Antonio"]
[Black "Vigile, Matteo"]
[Result "1-0"]
[WhiteElo "2114"]
[BlackElo "1783"]
[PlyCount "155"]
[EventDate "2000.06.18"]

1. e4 e5 2. Bc4 Nf6 3. d3 Bc5 4. Nf3 Nc6 5. O-O O-O 6. Bg5 h6 7. Bh4 g5 8. Bg3
d6 9. c3 Na5 10. Bb5 a6 11. Ba4 b5 12. Bc2 Bb6 13. b4 Nc6 14. a4 Bb7 15. Na3
bxa4 16. Bxa4 a5 17. b5 Ne7 18. Nc4 Ng6 19. Qd2 Nh5 20. Ne3 Ngf4 21. Bb3 Kh7
22. Bc2 Qd7 23. Rfb1 Rae8 24. Nc4 Kh8 25. Nxa5 Bc8 26. d4 Qg4 27. Bd1 Qe6 28.
d5 Qg6 29. Bc2 f5 30. Nc4 Nh3+ 31. gxh3 f4 32. Nxb6 cxb6 33. Kg2 Bxh3+ 34. Kxh3
g4+ 35. Kg2 gxf3+ 36. Kf1 Rf6 37. Ke1 fxg3 38. hxg3 Nxg3 39. Qe3 Ne2 40. Kd2
Rc8 41. Ra3 Rf7 42. Rh1 Nf4 43. Qxb6 Ng2 44. Bd3 Rfc7 45. Rha1 Qg5+ 46. Kc2 Qe7
47. c4 h5 48. Ra7 h4 49. Rxc7 Rxc7 50. Qb8+ Kh7 51. Ra8 Qg7 52. b6 Rb7 53. Qe8
Nf4 54. Qd8 h3 55. Bf1 Re7 56. Bxh3 Nxh3 57. b7 Rxb7 58. Qh4+ Kg6 59. Qg4+ Ng5
60. Qf5+ Kh6 61. Ra1 Qf7 62. Rh1+ Kg7 63. Qxg5+ Qg6 64. Rg1 Qxg5 65. Rxg5+ Kh7
66. Rf5 Ra7 67. Rxf3 Ra2+ 68. Kb3 Re2 69. Rf6 Rxe4 70. Rxd6 Kg7 71. c5 Rf4 72.
Re6 Rf3+ 73. Kb4 Rxf2 74. Rxe5 Rb2+ 75. Kc4 Rb8 76. c6 Kf6 77. Re3 Rc8 78. Kc5
1-0

[Event "C.to Italiano Semifinale"]
[Site "Torino ITA"]
[Date "2000.06.22"]
[Round "5"]
[White "Rettore, Ludwig"]
[Black "Tatai, Stefano"]
[Result "0-1"]
[WhiteElo "2076"]
[BlackElo "2371"]
[PlyCount "108"]
[EventDate "2000.06.18"]

1. e4 c5 2. Nf3 d6 3. d4 cxd4 4. Nxd4 Nf6 5. Nc3 a6 6. Be2 e5 7. Nb3 Be7 8. O-O
O-O 9. Be3 Be6 10. f4 exf4 11. Rxf4 Nc6 12. a4 Rc8 13. a5 Nd7 14. Rf1 Nce5 15.
Nd5 Bxd5 16. exd5 Bg5 17. Bd4 g6 18. Nd2 f5 19. b3 Bf6 20. Ra4 Nc5 21. Bxe5
Bxe5 22. Rc4 Nd7 23. Rxc8 Qxc8 24. Nc4 Qc5+ 25. Kh1 Bc3 26. Bd3 Nf6 27. Qf3
Bxa5 28. Qg3 Kh8 29. Nxa5 Qxa5 30. Qxd6 Kg7 31. Bc4 b5 32. b4 Qd8 33. Qxd8 Rxd8
34. Bb3 Ne4 35. Kg1 Nd2 36. Ra1 Nxb3 37. cxb3 Rxd5 38. Rxa6 Rd4 39. Ra7+ Kh6
40. Re7 Rxb4 41. Re3 Re4 42. Rd3 Kg5 43. Kf2 h5 44. Kf3 Kf6 45. Rd6+ Kf7 46.
Rb6 Rb4 47. Rb7+ Kf6 48. Rb6+ Kg7 49. g3 Rxb3+ 50. Kf4 Rb4+ 51. Ke5 Re4+ 52.
Kd6 b4 53. h4 f4 54. Rb7+ Kf6 0-1

[Event "C.to Italiano Semifinale"]
[Site "Torino ITA"]
[Date "2000.06.22"]
[Round "5"]
[White "Rossi, Giampiero"]
[Black "Collutiis, Duilio"]
[Result "1/2-1/2"]
[WhiteElo "2078"]
[BlackElo "2271"]
[PlyCount "92"]
[EventDate "2000.06.18"]

1. d4 Nf6 2. c4 g6 3. g3 Bg7 4. Bg2 O-O 5. Nf3 d6 6. Nc3 Nbd7 7. O-O e5 8. Qc2
Re8 9. Rd1 exd4 10. Nxd4 a6 11. e3 Rb8 12. b3 Ne5 13. h3 c5 14. Nde2 Bf5 15. e4
Nxe4 16. Nxe4 Nc6 17. Bd2 d5 18. cxd5 Qxd5 19. f3 Bxa1 20. Bc3 Nd4 21. Nxd4
Bxc3 22. Nxf5 Qxf5 23. Qxc3 Re6 24. g4 Qe5 25. Qxe5 Rxe5 26. f4 Re7 27. Nxc5
Kg7 28. Rd2 a5 29. Nxb7 Rbxb7 30. Bxb7 Rxb7 31. Rd4 Rb4 32. Rxb4 axb4 33. Kf2
Kf6 34. Ke3 g5 35. fxg5+ Kxg5 36. Kf3 f5 37. gxf5 Kxf5 38. Ke3 Ke5 39. Kd3 Kd5
40. Kc2 h5 41. Kb2 Kc5 42. a4 bxa3+ 43. Kxa3 Kb5 44. Kb2 h4 45. Kc3 Kc5 46. b4+
Kb5 1/2-1/2

[Event "C.to Italiano Semifinale"]
[Site "Torino ITA"]
[Date "2000.06.22"]
[Round "5"]
[White "Zotti, Enrico"]
[Black "Nikolajevic, Tihomir"]
[Result "1-0"]
[WhiteElo "1704"]
[BlackElo "1740"]
[PlyCount "145"]
[EventDate "2000.06.18"]

1. e4 c5 2. Nf3 e6 3. c3 d5 4. exd5 Qxd5 5. d4 Nf6 6. Bd3 Be7 7. O-O O-O 8. Re1
Nc6 9. Ne5 cxd4 10. Nxc6 Qxc6 11. cxd4 b6 12. Nc3 Bb7 13. Ne4 Nd5 14. Bd2 Rac8
15. Rc1 Qd7 16. Bb1 Rxc1 17. Bxc1 Rd8 18. Qe2 Nf6 19. Rd1 Bd5 20. b3 Qb7 21. f3
Rc8 22. Bf4 Qc6 23. Bd3 Bxe4 24. fxe4 Qd7 25. Bc4 Ne8 26. d5 Bc5+ 27. Kh1 exd5
28. Rxd5 Qe7 29. Bg5 Qf8 30. e5 Nc7 31. Rd7 Ne6 32. Bh4 a5 33. Qg4 Kh8 34. Qf5
g6 35. Qxf7 Qxf7 36. Rxf7 g5 37. Bxe6 Re8 38. Bxg5 Rxe6 39. Bf6+ Kg8 40. Rg7+
Kf8 41. Rxh7 Be3 42. Rh3 Rc6 43. g4 Rc1+ 44. Kg2 Rc2+ 45. Kf3 Bc5 46. Ke4 Kf7
47. g5 Re2+ 48. Kd3 Rxa2 49. Rh7+ Kg6 50. Rg7+ Kf5 51. h4 Rh2 52. Rh7 b5 53.
Rc7 Rh3+ 54. Ke2 Bd4 55. Rb7 Ke4 56. e6 Rh2+ 57. Kf1 Be3 58. Rxb5 Rh1+ 59. Ke2
Rh2+ 60. Kd1 Rh1+ 61. Kc2 Rh2+ 62. Kb1 Rh1+ 63. Ka2 Bc1 64. e7 Rh2+ 65. Kb1 Rh1
66. e8=Q+ Kf3 67. Qc6+ Kg4 68. Qxh1 Bf4 69. Qg2+ Bg3 70. g6 Kf4 71. Be5+ Kf5
72. Qxg3 Ke6 73. Qg4+ 1-0

[Event "C.to Italiano Semifinale"]
[Site "Torino ITA"]
[Date "2000.06.23"]
[Round "6"]
[White "Astengo, Marcello"]
[Black "Ciuffoletti, Paolo"]
[Result "0-1"]
[WhiteElo "2032"]
[BlackElo "2168"]
[PlyCount "84"]
[EventDate "2000.06.18"]

1. d4 g6 2. c4 Bg7 3. Nc3 d6 4. e4 Nc6 5. Be3 e5 6. d5 Nce7 7. Bd3 f5 8. exf5
Nxf5 9. Bd2 Nf6 10. Nge2 O-O 11. Ng3 Nh4 12. O-O h6 13. Qc2 Qe8 14. Rae1 Bf5
15. Nxf5 gxf5 16. Kh1 Nd7 17. Qd1 e4 18. Be2 Ne5 19. Nb5 f4 20. Bh5 f3 21. g4
Qd7 22. Rxe4 c5 23. Qc1 Rf6 24. Bc3 Nhg6 25. Rg1 Raf8 26. g5 hxg5 27. Rxg5 Bh6
28. Bg4 Bxg5 29. Qxg5 Nxg4 30. Rxg4 Qe7 31. h4 Kf7 32. h5 Ne5 33. Nxd6+ Rxd6
34. Bxe5 Qxg5 35. Rxg5 Rh6 36. Rg7+ Ke8 37. Rg5 Rf7 38. Kh2 Rfh7 39. Kg3 Rxh5
40. Rg8+ Kf7 41. Rb8 Kg6 42. Kxf3 Rxe5 0-1

[Event "C.to Italiano Semifinale"]
[Site "Torino ITA"]
[Date "2000.06.23"]
[Round "6"]
[White "Collutiis, Duilio"]
[Black "Rettore, Ludwig"]
[Result "1-0"]
[WhiteElo "2271"]
[BlackElo "2076"]
[PlyCount "53"]
[EventDate "2000.06.18"]

1. e4 e5 2. Nf3 Nc6 3. Bb5 a6 4. Bxc6 dxc6 5. O-O Qd6 6. Na3 b5 7. c3 c5 8. Nc2
Bb7 9. Re1 Nf6 10. d4 cxd4 11. cxd4 Nxe4 12. Nxe5 Be7 13. Bf4 Qf6 14. Qg4 Rd8
15. Nd3 O-O 16. f3 Bc8 17. Qh5 Nd6 18. Qc5 Bf5 19. Rxe7 Bxd3 20. Bg5 Qg6 21.
Nb4 Bf5 22. Bf4 Bh3 23. g3 Nf5 24. Nc6 Rd6 25. Rxc7 Re6 26. Ne5 Rfe8 27. Nxg6
1-0

[Event "C.to Italiano Semifinale"]
[Site "Torino ITA"]
[Date "2000.06.23"]
[Round "6"]
[White "Contin, Daniel"]
[Black "Spinelli, Doriano"]
[Result "1-0"]
[WhiteElo "2391"]
[BlackElo "2189"]
[PlyCount "61"]
[EventDate "2000.06.18"]

1. c4 c6 2. e4 d5 3. exd5 cxd5 4. d4 Nf6 5. Nc3 e6 6. Nf3 Be7 7. Bg5 O-O 8. a3
Nc6 9. c5 Ne4 10. Bxe7 Qxe7 11. Qd3 Nxc3 12. Qxc3 e5 13. dxe5 d4 14. Nxd4 Qxe5+
15. Ne2 Re8 16. O-O-O Bf5 17. Qxe5 Rxe5 18. b4 b6 19. Ng3 g6 20. f4 Re3 21.
Nxf5 gxf5 22. Ba6 bxc5 23. Bb7 Rb8 24. Bxc6 cxb4 25. Kb2 Re2+ 26. Kb1 bxa3+ 27.
Ka1 Rbb2 28. Bd5 a2 29. Rhe1 Rf2 30. Re7 Rb5 31. Rxa7 1-0

[Event "C.to Italiano Semifinale"]
[Site "Torino ITA"]
[Date "2000.06.23"]
[Round "6"]
[White "Laco, Giuseppe"]
[Black "Ferretti, Folco"]
[Result "0-1"]
[WhiteElo "2209"]
[BlackElo "2286"]
[PlyCount "70"]
[EventDate "2000.06.18"]

1. c4 Nf6 2. b4 c6 3. Bb2 d5 4. e3 Bg4 5. f3 Bf5 6. c5 a5 7. a3 Nbd7 8. d4 e6
9. Nd2 Be7 10. Ne2 Qc7 11. Ng3 Bg6 12. f4 h5 13. Be2 h4 14. Ngf1 Bf5 15. Nf3
Ne4 16. b5 g5 17. b6 Qb8 18. Ne5 Nxe5 19. fxe5 f6 20. Bh5+ Kd7 21. exf6 Bxf6
22. Rc1 Qf8 23. Nd2 h3 24. g3 g4 25. Bxg4 Bxd4 26. Bxd4 Bxg4 27. Nxe4 Bxd1 28.
Nf6+ Ke7 29. Kxd1 Qh6 30. Kd2 Qg5 31. Rhf1 e5 32. Bb2 Raf8 33. Nxd5+ cxd5 34.
Rxf8 Rxf8 35. c6 Rf2+ 0-1

[Event "C.to Italiano Semifinale"]
[Site "Torino ITA"]
[Date "2000.06.23"]
[Round "6"]
[White "Martorelli, Antonio"]
[Black "Sarno, Spartaco"]
[Result "1-0"]
[WhiteElo "2271"]
[BlackElo "2391"]
[PlyCount "113"]
[EventDate "2000.06.18"]

1. e4 d6 2. d4 Nf6 3. Nc3 g6 4. Be3 Bg7 5. h3 O-O 6. f4 e5 7. dxe5 dxe5 8. Qxd8
Rxd8 9. fxe5 Nh5 10. Nf3 Nc6 11. Nd5 Nxe5 12. Nxc7 Ng3 13. Rg1 Nxf3+ 14. gxf3
Nxf1 15. Rxf1 Bxh3 16. Nxa8 Bxf1 17. Kxf1 Rxa8 18. c3 Kf8 19. Ke2 a6 20. a4 Ke7
21. Rh1 h5 22. c4 Rc8 23. b3 Ke6 24. Rd1 Bf6 25. Bb6 Be7 26. Rd5 h4 27. f4 f5
28. Re5+ Kf6 29. Bd4 Rd8 30. Rxf5+ Ke6 31. Rd5 Rg8 32. Kf3 Bd6 33. Kg4 Be7 34.
Bc3 Rc8 35. a5 Rg8 36. Be1 Rh8 37. Kh3 Rh7 38. Bc3 Rf7 39. Bd2 Rh7 40. Re5+ Kf7
41. Be1 Rh8 42. Rd5 Ke8 43. b4 Rh7 44. b5 Rf7 45. Bd2 Bd8 46. Rd6 Rd7 47. Rxd7
Kxd7 48. Kg4 Ke6 49. Be1 Kd6 50. b6 h3 51. Kxh3 g5 52. Bb4+ Ke6 53. f5+ Ke5 54.
Bc3+ Kxe4 55. f6 Kd3 56. c5 Kxc3 57. f7 1-0

[Event "C.to Italiano Semifinale"]
[Site "Torino ITA"]
[Date "2000.06.23"]
[Round "6"]
[White "Orlando, Luigi"]
[Black "Nikolajevic, Tihomir"]
[Result "0-1"]
[WhiteElo "1794"]
[BlackElo "1740"]
[PlyCount "70"]
[EventDate "2000.06.18"]

1. e4 c5 2. Nf3 e6 3. d4 cxd4 4. Nxd4 Nf6 5. Nc3 d6 6. g4 h6 7. g5 hxg5 8. Bxg5
Nc6 9. Qd2 Qb6 10. Ndb5 a6 11. Be3 Qd8 12. Nd4 Be7 13. Be2 Bd7 14. O-O-O Qc7
15. Rdg1 g6 16. Nf3 b5 17. a3 b4 18. axb4 Nxb4 19. Nd4 Qb7 20. Bf3 Rb8 21. Nb3
O-O 22. Rg3 Rfc8 23. e5 Nfd5 24. Bd4 Qc7 25. exd6 Bxd6 26. Bxd5 exd5 27. Kb1
Bf5 28. Qh6 Be5 29. Bxe5 Qxe5 30. Rf3 Nxc2 31. Rxf5 Qxf5 32. Ka2 d4 33. Na4
Rxb3 34. Kxb3 Qb5+ 35. Ka2 Qxa4+ 0-1

[Event "C.to Italiano Semifinale"]
[Site "Torino ITA"]
[Date "2000.06.23"]
[Round "6"]
[White "Tatai, Stefano"]
[Black "Figus, Maurizio"]
[Result "1-0"]
[WhiteElo "2371"]
[BlackElo "1675"]
[PlyCount "41"]
[EventDate "2000.06.18"]

1. e4 c5 2. Nf3 Nc6 3. d4 cxd4 4. Nxd4 Nf6 5. Nc3 e5 6. Ndb5 d6 7. Nd5 Nxd5 8.
exd5 Nb8 9. c4 Be7 10. Be2 O-O 11. O-O a6 12. Nc3 f5 13. f4 e4 14. Be3 Nd7 15.
Qd2 b6 16. b4 Bb7 17. Rfd1 h6 18. Rab1 Rb8 19. Na4 Qc7 20. c5 bxc5 21. bxc5 1-0

[Event "C.to Italiano Semifinale"]
[Site "Torino ITA"]
[Date "2000.06.23"]
[Round "6"]
[White "Vezzosi, Paolo"]
[Black "Bellia, Fabrizio"]
[Result "1-0"]
[WhiteElo "2360"]
[BlackElo "2321"]
[PlyCount "83"]
[EventDate "2000.06.18"]

1. d4 Nf6 2. c4 g6 3. Nc3 Bg7 4. e4 d6 5. Be2 O-O 6. Be3 e5 7. Nf3 Nbd7 8. Qc2
c6 9. d5 h6 10. Nd2 h5 11. h3 Nh7 12. g4 h4 13. Nf3 cxd5 14. cxd5 a6 15. a4 Bf6
16. a5 Kh8 17. Qc1 Nc5 18. Ra3 b5 19. b4 Nd7 20. g5 Be7 21. Rg1 Rg8 22. Nxh4
Ndf8 23. Bf1 f6 24. gxf6 Bxf6 25. Nf3 g5 26. Ne2 Bd7 27. Rc3 Rc8 28. Rxc8 Qxc8
29. Qxc8 Bxc8 30. Kd2 Ng6 31. Nxg5 Bxg5 32. Bxg5 Bd7 33. Be3 Nf6 34. f3 Kh7 35.
Rg5 Nh4 36. Ng1 Rf8 37. Bd3 Be8 38. f4 exf4 39. Bxf4 Bg6 40. Bxd6 Re8 41. e5
Nxd5 42. Rh5+ 1-0

[Event "C.to Italiano Semifinale"]
[Site "Torino ITA"]
[Date "2000.06.23"]
[Round "6"]
[White "Vigile, Matteo"]
[Black "Di Lao, Riccardo"]
[Result "0-1"]
[WhiteElo "1783"]
[BlackElo "1716"]
[PlyCount "106"]
[EventDate "2000.06.18"]

1. e4 c5 2. c3 d5 3. exd5 Qxd5 4. d4 Nc6 5. Nf3 Bg4 6. Be2 cxd4 7. cxd4 e6 8.
O-O Bb4 9. a3 Ba5 10. b4 Bb6 11. Nc3 Qf5 12. d5 O-O-O 13. Nh4 Bxe2 14. Nxf5
Bxd1 15. Bg5 f6 16. dxc6 exf5 17. cxb7+ Kxb7 18. Raxd1 fxg5 19. Nb5 Nf6 20.
Nd6+ Ka8 21. Nxf5 g6 22. Nh6 Rxd1 23. Rxd1 Rf8 24. Kf1 Bxf2 25. Kxf2 Ng4+ 26.
Ke2 Nxh6 27. b5 Re8+ 28. Kf3 Nf5 29. a4 h5 30. a5 Rb8 31. Rd5 Rxb5 32. Rd8+ Kb7
33. Rg8 Rxa5 34. g3 Ra3+ 35. Kf2 Ra2+ 36. Kg1 h4 37. Rxg6 hxg3 38. hxg3 Nxg3
39. Rxg5 Ne2+ 40. Kf1 Nd4 41. Rd5 Rd2 42. Re5 Kb6 43. Rd5 a5 44. Rd6+ Kc5 45.
Ra6 Kb4 46. Ke1 Rc2 47. Kd1 Rc5 48. Rd6 Nb5 49. Rd3 a4 50. Rh3 a3 51. Kd2 a2
52. Rh1 Kb3 53. Kd3 Rc3+ 0-1

[Event "C.to Italiano Semifinale"]
[Site "Torino ITA"]
[Date "2000.06.23"]
[Round "6"]
[White "Zotti, Enrico"]
[Black "Rossi, Giampiero"]
[Result "1-0"]
[WhiteElo "1704"]
[BlackElo "2078"]
[PlyCount "69"]
[EventDate "2000.06.18"]

1. e4 c5 2. Nf3 e6 3. d4 cxd4 4. Nxd4 a6 5. Bd3 Nc6 6. Nxc6 dxc6 7. Nd2 e5 8.
Qh5 Bd6 9. Nc4 Bc7 10. Bg5 Nf6 11. Qe2 h6 12. Bh4 O-O 13. O-O-O Re8 14. f3 Qe7
15. g4 g5 16. Be1 Be6 17. h4 b5 18. Ne3 c5 19. Qh2 c4 20. Be2 Bb6 21. Bf2 Nd7
22. Rxd7 Bxe3+ 23. Bxe3 Bxd7 24. hxg5 Qf8 25. gxh6 Kh7 26. f4 exf4 27. Qxf4 Qe7
28. Bf3 f6 29. Bd4 Rf8 30. e5 Rad8 31. Be4+ Kh8 32. Rf1 Rf7 33. Bg6 fxe5 34.
Bxe5+ Qxe5 35. Qxe5+ 1-0

[Event "C.to Italiano Semifinale"]
[Site "Torino ITA"]
[Date "2000.06.24"]
[Round "7"]
[White "Ciuffoletti, Paolo"]
[Black "Zotti, Enrico"]
[Result "1-0"]
[WhiteElo "2168"]
[BlackElo "1704"]
[PlyCount "37"]
[EventDate "2000.06.18"]

1. e4 c5 2. d4 cxd4 3. c3 Nf6 4. e5 Nd5 5. Qxd4 e6 6. Bc4 Nc6 7. Qe4 Nb6 8. Bb3
d5 9. exd6 Bxd6 10. Nf3 h6 11. O-O Qe7 12. Re1 e5 13. Be3 O-O 14. Bxh6 gxh6 15.
Qg6+ Kh8 16. Qxh6+ Kg8 17. Ng5 Bf5 18. Ne4 Nd7 19. Re3 1-0

[Event "C.to Italiano Semifinale"]
[Site "Torino ITA"]
[Date "2000.06.24"]
[Round "7"]
[White "Di Lao, Riccardo"]
[Black "Collutiis, Duilio"]
[Result "0-1"]
[WhiteElo "1716"]
[BlackElo "2271"]
[PlyCount "138"]
[EventDate "2000.06.18"]

1. d4 Nf6 2. c4 g6 3. Nc3 Bg7 4. e4 d6 5. f3 O-O 6. Be3 Nc6 7. Nge2 a6 8. Qd2
Rb8 9. Rc1 Bd7 10. Ng3 Re8 11. d5 Ne5 12. h3 Bc8 13. b4 e6 14. Bg5 exd5 15.
cxd5 c6 16. Be2 cxd5 17. Nxd5 Be6 18. f4 Nc6 19. O-O Bxd5 20. exd5 Qb6+ 21. Kh1
Qxb4 22. Qd1 Ne7 23. Rb1 Qa3 24. Rf3 Qxa2 25. Bxf6 Bxf6 26. Ne4 Nxd5 27. Bd3
Rxe4 28. Bxe4 Nc3 29. Qxd6 Re8 30. Rxc3 Bxc3 31. Rxb7 Be1 32. Rb8 Rxb8 33.
Qxb8+ Kg7 34. Qe5+ f6 35. Qd6 Bg3 36. Qe7+ Qf7 37. Qxf7+ Kxf7 38. f5 g5 39. Kg1
Ke7 40. Bd5 Kd6 41. Bg8 h5 42. Kf1 Ke5 43. Bf7 h4 44. Be6 Kd4 45. Ke2 a5 46.
Kd2 a4 47. Kc2 Bd6 48. Bd7 a3 49. Bb5 Ke4 50. Bd3+ Ke3 51. Bc4 g4 52. hxg4 Kf2
53. Bd5 Kg3 54. g5 fxg5 55. Kb3 g4 56. f6 h3 57. gxh3 gxh3 58. Ka2 h2 59. Kb3
Kf2 60. Ka2 Kg1 61. Kb3 h1=Q 62. Bxh1 Kxh1 63. Ka2 Kg2 64. Kb3 Kf3 65. Ka2 Ke4
66. Kb3 Kd3 67. Ka2 Kc4 68. f7 Bf8 69. Kb1 Kb3 0-1

[Event "C.to Italiano Semifinale"]
[Site "Torino ITA"]
[Date "2000.06.24"]
[Round "7"]
[White "Ferretti, Folco"]
[Black "Tatai, Stefano"]
[Result "1-0"]
[WhiteElo "2286"]
[BlackElo "2371"]
[PlyCount "59"]
[EventDate "2000.06.18"]

1. e4 e5 2. Nf3 Nc6 3. Bc4 Be7 4. d4 d6 5. h3 Nf6 6. Nc3 O-O 7. O-O h6 8. Be3
Re8 9. dxe5 Nxe5 10. Nxe5 dxe5 11. Qe2 c6 12. Rad1 Qa5 13. Qf3 Rf8 14. Ne2 Qb4
15. b3 b5 16. Bd3 Qa3 17. Qg3 Re8 18. Bxh6 Bf8 19. Bd2 b4 20. f4 Bd6 21. Qh4
Ba6 22. Ng3 Bxd3 23. cxd3 Nd7 24. Nf5 Bc5+ 25. Kh1 Re6 26. fxe5 Qxa2 27. d4 Bf8
28. Qg3 Rg6 29. Qf3 Kh8 30. Nh4 1-0

[Event "C.to Italiano Semifinale"]
[Site "Torino ITA"]
[Date "2000.06.24"]
[Round "7"]
[White "Figus, Maurizio"]
[Black "Rossi, Giampiero"]
[Result "1-0"]
[WhiteElo "1675"]
[BlackElo "2078"]
[PlyCount "59"]
[EventDate "2000.06.18"]

1. e4 c5 2. Nf3 e6 3. d4 cxd4 4. Nxd4 a6 5. Nc3 Qc7 6. f4 Ne7 7. Bd3 Nbc6 8.
Nxc6 Nxc6 9. O-O d6 10. f5 Ne5 11. Be3 Be7 12. a4 O-O 13. a5 Bd7 14. g4 Rfe8
15. g5 Bf8 16. f6 g6 17. Qe2 Rac8 18. Rf4 Nc4 19. Bxc4 Qxc4 20. Qg2 e5 21. Rf2
Qb4 22. Nd5 Qxb2 23. Re1 Qb5 24. Bb6 Rc6 25. h4 Rec8 26. h5 Be6 27. hxg6 hxg6
28. Ne3 Rxb6 29. axb6 Qxb6 30. Qh1 1-0

[Event "C.to Italiano Semifinale"]
[Site "Torino ITA"]
[Date "2000.06.24"]
[Round "7"]
[White "Laco, Giuseppe"]
[Black "Contin, Daniel"]
[Result "1-0"]
[WhiteElo "2209"]
[BlackElo "2391"]
[PlyCount "107"]
[EventDate "2000.06.18"]

1. c4 c5 2. Nc3 Nc6 3. f4 g6 4. e4 Bg7 5. h4 d6 6. h5 Nh6 7. d3 f5 8. Be2 Bd7
9. Bf3 a6 10. Nge2 e6 11. Be3 Nd4 12. Rb1 b5 13. a3 Rb8 14. b4 Nxf3+ 15. gxf3
cxb4 16. axb4 bxc4 17. dxc4 Qc7 18. Bd4 e5 19. fxe5 dxe5 20. Bc5 Nf7 21. hxg6
hxg6 22. Rxh8+ Bxh8 23. Nd5 Qc6 24. Nec3 Bf6 25. Ra1 Bd8 26. Qd3 Rc8 27. Na4
Bh4+ 28. Kd2 Bg5+ 29. Kc3 a5 30. b5 Qb7 31. Rd1 Be6 32. Bb6 Be7 33. c5 Nd6 34.
Nxe7 Nxe4+ 35. fxe4 Qxe7 36. Qd6 Qf6 37. c6 fxe4 38. Be3 Kf7 39. Nc5 Bg4 40.
Qxf6+ Kxf6 41. Nxe4+ Ke7 42. Bc5+ Ke6 43. Rd6+ Kf5 44. Kd3 Kf4 45. Be3+ Kf3 46.
Nd2+ Kg3 47. Rxg6 a4 48. b6 a3 49. Ne4+ Kf3 50. Rf6+ Kg2 51. Rf2+ Kh3 52. b7
Rd8+ 53. Kc3 Rb8 54. Ba7 1-0

[Event "C.to Italiano Semifinale"]
[Site "Torino ITA"]
[Date "2000.06.24"]
[Round "7"]
[White "Martorelli, Antonio"]
[Black "Vezzosi, Paolo"]
[Result "1-0"]
[WhiteElo "2271"]
[BlackElo "2360"]
[PlyCount "79"]
[EventDate "2000.06.18"]

1. e4 c5 2. Nf3 g6 3. d4 Bg7 4. c4 cxd4 5. Nxd4 Nc6 6. Be3 d6 7. Nc3 Nf6 8. Be2
Bd7 9. O-O O-O 10. Re1 Nxd4 11. Bxd4 Bc6 12. Bd3 Nd7 13. Bxg7 Kxg7 14. Qd2 a5
15. Rad1 Qb6 16. Re3 Qd4 17. Nd5 Bxd5 18. exd5 Ne5 19. Re4 Qb6 20. Rh4 h5 21.
Be2 Rh8 22. Rd4 Rae8 23. h3 Nd7 24. Re1 Qb4 25. Qc1 Nc5 26. Bf3 e5 27. dxe6
Rxe6 28. Rxe6 Nxe6 29. Rd3 Rc8 30. Bd5 a4 31. Rf3 Re8 32. b3 Nd8 33. Kh2 axb3
34. Qb2+ Kh7 35. Bxf7 Re5 36. Bd5 Qe1 37. Qxb3 h4 38. Qb6 Rf5 39. Qc7+ Nf7 40.
Rxf5 1-0

[Event "C.to Italiano Semifinale"]
[Site "Torino ITA"]
[Date "2000.06.24"]
[Round "7"]
[White "Nikolajevic, Tihomir"]
[Black "Rettore, Ludwig"]
[Result "0-1"]
[WhiteElo "1740"]
[BlackElo "2076"]
[PlyCount "132"]
[EventDate "2000.06.18"]

1. e4 e5 2. Nf3 Nc6 3. Bb5 a6 4. Bxc6 dxc6 5. O-O Qd6 6. d3 Nf6 7. Nbd2 Nd7 8.
Nc4 Qe6 9. Ng5 Qe7 10. f4 f6 11. Nh3 Nb6 12. Nxb6 cxb6 13. f5 Qf7 14. Kh1 Bc5
15. Qe2 Bd7 16. Be3 O-O 17. Bxc5 bxc5 18. c4 Rfd8 19. Qe3 Qe7 20. g4 Be8 21. g5
Bf7 22. Rg1 Kh8 23. Nf2 Rd4 24. Rg3 g6 25. gxf6 Qxf6 26. Ng4 Qe7 27. f6 Qc7 28.
Qh6 Bxc4 29. Nxe5 Bxd3 30. Nxg6+ Kg8 31. Ne7+ Kf7 32. Qg7+ Ke6 33. Qg4+ Kxf6
34. Qg5+ Ke6 35. Qxc5 Bxe4+ 36. Kg1 Qd6 37. Qxd6+ Kxd6 38. Ng8 Rf8 39. Nh6 Rf6
40. Ng4 Rg6 41. Re1 Bd5 42. Ne3 Rxg3+ 43. hxg3 Rd2 44. Rb1 Bxa2 45. Rf1 Rxb2
46. Rf6+ Kc5 47. Rh6 Bb1 48. Kf1 Bd3+ 49. Kg1 Kd4 50. Ng4 Rb1+ 51. Kf2 Rf1+ 52.
Kg2 Rf7 53. Rd6+ Kc3 54. Rxd3+ Kxd3 55. Ne5+ Kc3 56. Nxf7 a5 57. Nd6 a4 58.
Ne4+ Kc2 59. Ng5 a3 60. Nxh7 a2 61. Ng5 a1=Q 62. Nf3 Kd3 63. g4 Ke3 64. Kg3 Qb2
65. Nh2 Qf2+ 66. Kh3 Kf4 0-1

[Event "C.to Italiano Semifinale"]
[Site "Torino ITA"]
[Date "2000.06.24"]
[Round "7"]
[White "Sarno, Spartaco"]
[Black "Bellia, Fabrizio"]
[Result "1-0"]
[WhiteElo "2391"]
[BlackElo "2321"]
[PlyCount "93"]
[EventDate "2000.06.18"]

1. c4 Nf6 2. Nc3 g6 3. g3 Bg7 4. Bg2 O-O 5. Nf3 c5 6. d4 cxd4 7. Nxd4 Nc6 8.
Nc2 d6 9. O-O Bd7 10. b3 Rc8 11. Bb2 a6 12. Qd2 Qa5 13. Rfd1 Qh5 14. Ne3 Bh6
15. f4 Ng4 16. Nxg4 Bxg4 17. Nd5 Bg7 18. Re1 Rfe8 19. Rac1 Bh3 20. e4 Bxg2 21.
Kxg2 Qh6 22. b4 Bxb2 23. Qxb2 Qg7 24. e5 dxe5 25. b5 Nb8 26. fxe5 Kh8 27. Rf1
Kg8 28. Qb4 Qf8 29. e6 f6 30. a4 Kh8 31. Rc2 Qg8 32. Re2 Qg7 33. Nb6 Rcd8 34.
Qc5 Rd6 35. Qc7 f5 36. c5 Rd3 37. Qxb7 axb5 38. axb5 Qc3 39. Nd7 Rd2 40. Rxd2
Qxd2+ 41. Rf2 Qe3 42. Nxb8 Rd8 43. Na6 Rd1 44. Qf3 Qc1 45. Rf1 Rd2+ 46. Kg1 Qb2
47. b6 1-0

[Event "C.to Italiano Semifinale"]
[Site "Torino ITA"]
[Date "2000.06.24"]
[Round "7"]
[White "Spinelli, Doriano"]
[Black "Petruccioli, Antonio"]
[Result "0-1"]
[WhiteElo "2189"]
[BlackElo "2114"]
[PlyCount "98"]
[EventDate "2000.06.18"]

1. e4 c5 2. Nc3 e6 3. b3 Nc6 4. Bb2 Nf6 5. Nf3 d6 6. d4 cxd4 7. Nxd4 Be7 8.
Nxc6 bxc6 9. g4 O-O 10. Bg2 e5 11. h3 Be6 12. O-O Qc7 13. g5 Ne8 14. Bc1 f5 15.
f4 g6 16. Na4 fxe4 17. fxe5 Rxf1+ 18. Qxf1 d5 19. Bf4 Ng7 20. Qc1 Rf8 21. c4
Qd8 22. Bd2 Rf5 23. cxd5 cxd5 24. h4 Rxe5 25. Nc5 Bg4 26. b4 Bf8 27. Qb2 Re8
28. Qb3 Ne6 29. Rc1 Nd4 30. Qb2 Bg7 31. Kh1 Ne2 32. Qb3 Nxc1 33. Bxc1 Bf3 34.
Bf4 Qc8 35. Qxd5+ Kh8 36. Qd7 Bxg2+ 37. Kxg2 Qxd7 38. Nxd7 Bd4 39. Nf6 Bxf6 40.
gxf6 Kg8 41. Be3 a6 42. Bc5 Kf7 43. Be7 Rc8 44. a4 Rc3 45. a5 h5 46. Bd8 Ke6
47. Be7 Rb3 48. Kh2 Rf3 49. Kg2 Rf5 0-1

[Event "C.to Italiano Semifinale"]
[Site "Torino ITA"]
[Date "2000.06.24"]
[Round "7"]
[White "Vigile, Matteo"]
[Black "Orlando, Luigi"]
[Result "1-0"]
[WhiteElo "1783"]
[BlackElo "1794"]
[PlyCount "49"]
[EventDate "2000.06.18"]

1. e4 d6 2. Bc4 Nf6 3. Nc3 a6 4. a4 Nc6 5. d4 e5 6. Nge2 Bg4 7. f3 exd4 8. Nxd4
Bd7 9. Be3 Be7 10. O-O O-O 11. Nd5 Nxd5 12. Bxd5 Bf6 13. c3 Rb8 14. f4 Qe7 15.
Qf3 Nxd4 16. cxd4 g6 17. f5 g5 18. h4 Kh8 19. hxg5 Bxg5 20. f6 Bxe3+ 21. Qxe3
Qe8 22. e5 Be6 23. Qh6 Rg8 24. Be4 Rxg2+ 25. Kxg2 1-0

[Event "C.to Italiano Semifinale"]
[Site "Torino ITA"]
[Date "2000.06.25"]
[Round "8"]
[White "Bellia, Fabrizio"]
[Black "Figus, Maurizio"]
[Result "1-0"]
[WhiteElo "2321"]
[BlackElo "1675"]
[PlyCount "27"]
[EventDate "2000.06.18"]

1. e4 c5 2. Nf3 Nc6 3. Bb5 Nd4 4. Bc4 g6 5. c3 Nc6 6. d4 cxd4 7. cxd4 Bg7 8.
Nc3 d6 9. Qb3 e6 10. d5 Na5 11. Bb5+ Kf8 12. Qa3 Ne7 13. Bf4 Bxc3+ 14. Qxc3 1-0